LEADER 01186nam0-22003251i-450 001 990007365960403321 005 20221007172847.0 010 $a3-540-65398-8 035 $a000736596 035 $aFED01000736596 035 $a(Aleph)000736596FED01 100 $a20021106d2000----km-y0itay50------ba 101 0 $ager 102 $aDE 105 $ay-------001yy 200 1 $a<>Handelsembargo$eVölker-, europa- und aussenwirtschaftliche Rahmenbedingungen, Praxis und Entschädigung$fHans-Konrad Ress 210 $aBerlin$cSpringer$d2000 215 $aXXVI, 532 p.$d24 cm 225 1 $aBeiträge zum ausländischen öffentlichen Recht und Völkerrecht$x0172-4770$v137 300 $aThe trade embargo : its basis in international, european and domestic law, practice and compensation (English summary) 320 $aBibliografia: p. 494-526. Indice 676 $a341.582$v21$zita 700 1$aRess,$bHans-Konrad$0266082 801 0$aIT$bUNINA$gRICA$2UNIMARC 901 $aBK 912 $a990007365960403321 952 $aX O 7 (137)$b44243*$eBiblioteca Centrale della Facoltà di Giurisprudenza$fFGBC 959 $aFGBC 996 $aHandelsembargo$9693575 997 $aUNINA LEADER 01107nam 2200325Ia 450 001 996395399703316 005 20221108074256.0 035 $a(CKB)3810000000013144 035 $a(EEBO)2240907377 035 $a(UnM)99122258300971 035 $a(EXLCZ)993810000000013144 100 $a19830808d1696 uy | 101 0 $aeng 135 $aurbn||||a|bb| 200 10$aMr. Keith no Presbyterian nor Quaker but George the apostate$b[electronic resource] $ededuced from proofs both clinched and riveted in a second letter to himself /$fby the author of the former 210 $aLondon $cPrinted and sold by E. Whitlock$d1696 215 $a20 p 300 $aSigned: W.C. 300 $aReproduction of original in the Harvard University Library. 330 $aeebo-0062 606 $aSociety of Friends$vControversial literature 615 0$aSociety of Friends 700 $aW. C$01001597 801 0$bUMI 801 1$bUMI 801 2$bWaOLN 906 $aBOOK 912 $a996395399703316 996 $aMr. Keith no Presbyterian nor Quaker but George the apostate$92409966 997 $aUNISA